| 000 | 00462nam a2200181Ia 4500 | ||
|---|---|---|---|
| 001 | 5097 | ||
| 005 | 20260306145843.0 | ||
| 008 | 260306t2014||||xx |||||||||||||| ||spa|| | ||
| 041 | _aESP | ||
| 082 |
_a332.77 _bH83 |
||
| 100 |
_aHuamán Fernández, Víctor _eAUT |
||
| 245 | 0 |
_aDocumentación mercantil y redacción: _bteoría y práctica |
|
| 260 | _c2014 | ||
| 300 |
_a272 páginas : _c21 cm. |
||
| 650 | _aGEN | ||
| 654 | _aCAN | ||
| 942 |
_cLIB _dJUS _fJUS _2ddc _n |
||
| 999 |
_c5097 _d5097 |
||